Уголовно-правовая охрана природной среды в Российской Федерации (Запись № 215142)

Подробности
000 -МАРКЕР
контрольное поле 00992nam0a2200265 4500
001 - ИДЕНТИФИКАТОР ЗАПИСИ
контрольное поле RU\NLR\bibl\952134
005 - ИДЕНТИФИКАТОР ВЕРСИИ
контрольное поле 20250614201539.0
010 ## - МЕЖДУНАРОДНЫЙ СТАНДАРТНЫЙ НОМЕР КНИГИ (ISBN)
Номер (ISBN) 5-87057-084-0
035 ## - ДРУГИЕ СИСТЕМНЫЕ НОМЕРА
Идентификатор записи (NLR Aleph) 000940228
100 ## - ДАННЫЕ ОБЩЕЙ ОБРАБОТКИ
Данные общей обработки 20060522d1997 |||y0rusy50 ca
101 0# - ЯЗЫК РЕСУРСА
Язык текста, звукозаписи и т.д. русский
102 ## - СТРАНА ПУБЛИКАЦИИ ИЛИ ПРОИЗВОДСТВА
Страна публикации российская федерация
105 ## - ПОЛЕ КОДИРОВАННЫХ ДАННЫХ: ТЕКСТОВЫЕ МАТЕРИАЛЫ, МОНОГРАФИЧЕСКИЕ
Кодированные данные о монографическом текстовом документе y |||||||||
200 1# - ЗАГЛАВИЕ И СВЕДЕНИЯ ОБ ОТВЕТСТВЕННОСТИ
Основное заглавие Уголовно-правовая охрана природной среды в Российской Федерации
Первые сведения об ответственности Жевлаков Э.Н.
210 ## - ПУБЛИКАЦИЯ, РАСПРОСТРАНЕНИЕ И ДР.
Место издания, распространения и т.д. Москва
Имя издателя, распространителя и т. д. Бизнес-школа "Интел-Синтез"
Дата издания, распространения и т.д. 1997
215 ## - ФИЗИЧЕСКАЯ ХАРАКТЕРИСТИКА
Специфическое обозначение материала и объем 231 с.
Размеры 20
606 1# - НАИМЕНОВАНИЕ ТЕМЫ КАК ПРЕДМЕТ
Наименование темы Экологические преступления
Тематический подзаголовок Уголовная ответственность
Географический подзаголовок Российская Федерация
Системный номер авторитетной/нормативной записи 2165884
Идентификатор авторитетной/нормативной записи RU\NLR\auth\661303202
686 ## - ИНДЕКСЫ ДРУГИХ КЛАССИФИКАЦИЙ
Индекс Х628.111.624
700 #1 - ИМЯ ЛИЦА - ПЕРВИЧНАЯ ОТВЕТСТВЕННОСТЬ
Начальный элемент ввода Жевлаков
Часть имени, кроме начального элемента ввода Э. Н.
Код отношения Автор
801 #0 - ИСТОЧНИК ЗАПИСИ
Страна российская федерация
Организация NLR
Дата составления 20060522
Правила каталогизации rcr
801 #1 - ИСТОЧНИК ЗАПИСИ
Страна российская федерация
Организация NLR
Дата составления 20060522
942 ## - ДОПОЛНИТЕЛЬНЫЕ ЭЛЕМЕНТЫ ЗАПИСИ (АБИС)
Тип экземпляра АБИС Книга
980 ## - КОЛЛЕКЦИЯ
Название коллекции Национальная библиография
Экземпляры
Тип экземпляра Дата поступления Источник поступления Библиотека постоянного хранения Библиотека текущего хранения Место хранения Шифр хранения Штрих-код Статус не для выдачи
Книга 22.05.2006 Подсобные фонды РНБ РНБ (Московский) РНБ (Московский) Русский книжный фонд: издания с 1957 года, 3этаж 2006-3/14383 1-3459722  
Книга 19.11.2014 Источник неизвестен РНБ (Фонтанка) РНБ (Фонтанка) Юношеский читальный зал Ю Х628/Ж-45 1-701102